000 00892nam a2200277Ia 4500
001 dia_6176
003 CHAP
005 20230607142654.0
008 220117s1954 xx 000 0 und d
010 _a176619
040 _cCHAP
082 _aC 630.205 C65 1954
110 _aColegio de Ingenieros Agrónomos de México
_9159203
245 _aDirectorio Agronómico Nacional /
_c Colegio de Ingenieros Agrónomos de México
260 _aMéxico :
_b C. I. A. M.,
_c1954
300 _axiii, 480 p.
503 _aD.
590 _aC HD9014.M4 C65 1954
650 _aAgricultura
_xDirectorios
_xMéxico
_91403
650 _aAgriculture
_xDirectories
_xMexico
_9154926
710 _aColegio de Ingenieros Agrónomos de México
_9159203
901 _aC 630.205 C65 1954
902 _aM
905 _a5232271954 MX N 8223123322SPA16
942 _cLIBRO
_2ddc
999 _c176619
_d176619